000 00308nam a22001337a 4500
008 170321b xxu||||| |||| 00| 0 eng d
020 _a9780912912066
041 _aeng
080 _26ED
_a616.12 -008-073
100 _a7
101 _aSHM
245 _aRAPID INTERPRETATION OF EKG
_cDUBIN.D
942 _2udc
_cBK
999 _c8180
_d8180